书目信息 |
| 题名: |
中国乡村旅游开发与管理
|
|
| 作者: | 唐代剑 , 池静 著 | |
| 分册: | ||
| 出版信息: | 杭州 浙江大学出版社 2005 |
|
| 页数: | 314页 | |
| 开本: | 21cm | |
| 丛书名: | ||
| 单 册: | ||
| 中图分类: | F592.3 | |
| 科图分类: | ||
| 主题词: | 乡村--旅游资源开发--中国 , 乡村--旅游经济--经济管理--中国 , 乡村 , 旅游资源开发 , 旅游经济 , 经济管理 | |
| 电子资源: | ||
| ISBN: | 7-89490-177-6 | |
| 000 | 01057nam0 2200301 450 | |
| 001 | 012007777560 | |
| 005 | 20070516175802.35 | |
| 010 | @a7-89490-177-6@dCNY26.00 | |
| 100 | @a20070508d2005 km y0chiy0120 ea | |
| 101 | 0 | @achi |
| 102 | @aCN@b330000 | |
| 105 | @aa z 000yy | |
| 106 | @ar | |
| 200 | 1 | @a中国乡村旅游开发与管理@Azhong guo xiang cun lu you kai fa yu guan li@f唐代剑,池静著@Ftang dai jian,chi jing zhu |
| 210 | @a杭州@c浙江大学出版社@d2005 | |
| 215 | @a314页@c图@d21cm | |
| 330 | @a本书探讨了中国乡村旅游开发的理论价值和现实意义,提出了适合中国国情的乡村旅游开发、保护、可持续发展模式和标准化管理体系,对科学认识乡村旅游,促进乡村旅游可持续发展有一定的理论价值和现实意义。 | |
| 606 | 0 | @a乡村@x旅游资源开发@y中国 |
| 606 | 0 | @a乡村@x旅游经济@x经济管理@y中国 |
| 606 | 0 | @a乡村 |
| 606 | 0 | @a旅游资源开发 |
| 606 | 0 | @a旅游经济 |
| 606 | 0 | @a经济管理 |
| 690 | @aF592.3@v4 | |
| 701 | 0 | @a唐代剑@Atang dai jian@f(1955~)@4著 |
| 701 | 0 | @a池静@Achi jing@f(1982~)@4著 |
| 801 | 0 | @aCN@bRULIN@c20070516 |
| 905 | @dF592.3@e131@s5 | |
| 中国乡村旅游开发与管理/唐代剑,池静著.-杭州:浙江大学出版社,2005 |
| 314页:图;21cm |
| ISBN 7-89490-177-6:CNY26.00 |
| 本书探讨了中国乡村旅游开发的理论价值和现实意义,提出了适合中国国情的乡村旅游开发、保护、可持续发展模式和标准化管理体系,对科学认识乡村旅游,促进乡村旅游可持续发展有一定的理论价值和现实意义。 |
| ● |
| 相关链接 |
|
|
|
|
正题名:中国乡村旅游开发与管理
索取号:F592.3/131
 
预约/预借
| 序号 | 登录号 | 条形码 | 馆藏地/架位号 | 状态 | 备注 |
| 1 | 0571869 | 205718696 | 第一样本阅览室/ [索取号:F592.3/131] | 在馆 | |
| 2 | 0571870 | 205718703 | 第一借阅区/ [索取号:F592.3/131] | 在馆 | |
| 3 | 0571871 | 205718712 | 第一借阅区/ [索取号:F592.3/131] | 在馆 | |
| 4 | 0571872 | 205718721 | 第一借阅区/ [索取号:F592.3/131] | 在馆 | |
| 5 | 0571873 | 205718730 | 第一借阅区/ [索取号:F592.3/131] | 在馆 |